| 000 | 00590cam a2200205u 4500 | ||
|---|---|---|---|
| 003 | BD-RjUL | ||
| 005 | 20241130133827.0 | ||
| 008 | 241201s1957 pk bc 001 0 eng d | ||
| 035 | _a(BD-RjUL | ||
| 040 |
_aDLC _cCarP _dDLC _dBD-RjUL _beng |
||
| 041 | _aeng | ||
| 082 | 0 | 0 |
_a956.1 _bEVT 1957 _223 |
| 100 | 1 |
_aEversleay, Lord _d1832-1928. _982752 |
|
| 245 | 0 | 4 |
_aThe Turkish empire, its growth and decay / _cLord Eversley |
| 260 |
_aLahore : _bRemier book , _c1957 |
||
| 300 |
_a492 p. : _bill. ; _c23 cm. |
||
| 504 | _aIncludes Index | ||
| 651 | 0 |
_aTurkey _xHistory. _982753 |
|
| 942 |
_2ddc _cBK |
||
| 999 |
_c26923 _d26923 |
||